Cities with Most Basilicas - Statistics

General Stats
  • This quiz has been taken 89 times
  • The average score is 11 of 17
Answer Stats
# Basilicas Country % Correct
66 Rome
100%
6 Madrid
95%
5 Paris
95%
9 Milan
92%
9 Barcelona
90%
9 Naples
86%
11 Florence
81%
8 Venice
81%
15 Buenos Aires
65%
5 Genoa
57%
11 Bologna
55%
6 Lima
52%
6 Santiago
51%
13 Krakow
49%
6 Cologne
38%
5 Jerusalem
34%
5 Piacenza
6%
No matching quizzes found
Score Distribution
Percent of People with Each Score
Percentile by Number Answered
Your Score History
You have not taken this quiz